| 000 | 00620nam a22001697a 4500 | ||
|---|---|---|---|
| 003 | GBCCL | ||
| 005 | 20251127115247.0 | ||
| 008 | 180702b ||||| |||| 00| 0 eng d | ||
| 040 | _cgbc | ||
| 082 |
_a220.5204 _bBIB |
||
| 245 |
_aThe Holy Bible containing the Old and New Testaments: _bTranslated out of the original tongues: being the version set forth A.D. 1611: compared with the most ancient authorities and revised A.D. 1811-1885 |
||
| 250 | _aStandard edition | ||
| 260 |
_bThomas Nelson & Sons, _aCamden: _c1929 |
||
| 300 |
_axiv, 969, xvi,295 p.; _c24 p.;2 |
||
| 650 |
_aBible _xEnglish _912272 |
||
| 942 |
_2ddc _cREF |
||
| 999 |
_c6871 _d6871 |
||